| 000 | 01002nam a2200301 4500 | ||
|---|---|---|---|
| 001 | 0000018640 | ||
| 003 | CO-CtgCURN | ||
| 005 | 20250331185300.0 | ||
| 007 | ta | ||
| 008 | 160627s1997 000 0 eng d | ||
| 020 | _a8448110935 | ||
| 040 |
_aCO-CtgCURN _bspa _ccoctgcurn |
||
| 082 | 0 |
_a658.84 _bD47d |
|
| 245 | 0 | 0 |
_aDistribucion comercial / _ccoordinador Enrique Carlos Diez de Castro. |
| 250 | _a2a. ed. | ||
| 260 |
_aMadrid : _bMcGraw-Hill, _c1997. |
||
| 300 | _axv, 296 p. | ||
| 336 | _2rdacontent | ||
| 337 |
_2rdamedia _asin mediacion _bn |
||
| 338 |
_2rdacarrier _avolumen _bnc |
||
| 500 | _aIncluye indice. | ||
| 505 | 8 | _aGestion de la distribucion.--El sistema comercial.--Funciones de distribucción.--Nuevos aspectos dela distribucion comercial | |
| 650 | 1 | 4 | _aAbastecimiento y distribucion. |
| 700 | 1 | _aDiez de Castro, Enrique Carlos. | |
| 908 | _a160627 | ||
| 942 |
_cBK _h658.84 _iD47d _2ddc |
||
| 999 |
_c25258 _d25258 |
||